| 000 | 01556nam a2200277Ia 4500 | ||
|---|---|---|---|
| 999 |
_c53849 _d53849 |
||
| 001 | 20900 | ||
| 003 | GE_BSU | ||
| 005 | 20200819144908.0 | ||
| 008 | 181216s2016ge xx |||||||||||||| ||geo|| | ||
| 020 | _a9789941942204 | ||
| 040 | _cGE_BSU | ||
| 041 | _hgeo | ||
| 080 | _a34.096 დ-40 | ||
| 100 |
_aდვალიძე, ირაკლი. _96351 |
||
| 245 |
_aკაზუსის ამოხსნის მეთოდიკა სისხლის სამართალში : თანდართული კაზუსის ნიმუშებით / _cირაკლი დვალიძე ; გიორგი თუმანიშვილი ; ნინო გვენეტაძე ; რედ. ირაკლი დვალიძე ; მერაბ ტურავ. |
||
| 264 |
_aთბილისი : _bბონა კაუზა, _c2016. |
||
| 300 |
_a282 გვ .: _c20 სმ. |
||
| 508 | _aგამოცემულია GIZ-ის ფინანსური მხარდაჭერით. | ||
| 653 | _aკაზუსის ამოხსნა სისხლის სამართალში | ||
| 653 | _aსამართალი | ||
| 700 |
_aთუმანიშვილი, გიორგი _95244 |
||
| 700 |
_aგვენეტაძე, ნინო _96476 |
||
| 700 |
_aდვალიძე, ირაკლი _eრედაქტორი _96351 |
||
| 700 |
_aტურავა, მერაბ _eრედაქტორი _99269 |
||
| 942 |
_cBK _2udc |
||